<?xml version="1.0" encoding="UTF-8"?>
<record
    xmlns:xsi="http://www.w3.org/2001/XMLSchema-instance"
    xsi:schemaLocation="http://www.loc.gov/MARC21/slim http://www.loc.gov/standards/marcxml/schema/MARC21slim.xsd"
    xmlns="http://www.loc.gov/MARC21/slim">

  <leader>03993nam a2200469 a 4500</leader>
  <controlfield tag="003">CHAP</controlfield>
  <controlfield tag="005">20250130140240.0</controlfield>
  <controlfield tag="007">cr ||||||a|c|a</controlfield>
  <controlfield tag="008">110209s2010    mx      r     00010 spa d</controlfield>
  <datafield tag="035" ind1=" " ind2=" ">
    <subfield code="a">112131</subfield>
  </datafield>
  <datafield tag="040" ind1=" " ind2=" ">
    <subfield code="c">CHAP</subfield>
  </datafield>
  <datafield tag="090" ind1=" " ind2=" ">
    <subfield code="a">Tesis</subfield>
  </datafield>
  <datafield tag="100" ind1="0" ind2="0">
    <subfield code="a">Cervantes Osornio, Rocio.</subfield>
    <subfield code="9">21600</subfield>
  </datafield>
  <datafield tag="245" ind1="1" ind2="0">
    <subfield code="a">Redes neuronales artificiales para estimar y predecir variables climatol&#xF3;gicas relacionadas con la evapotranspiraci&#xF3;n de referencia</subfield>
    <subfield code="c">/por Rocio Cervantes Osornio; director de tesis Ram&#xF3;n Arteaga Ram&#xED;rez.</subfield>
  </datafield>
  <datafield tag="264" ind1=" " ind2="1">
    <subfield code="a">Chapingo, M&#xE9;x. :</subfield>
    <subfield code="b">El autor,</subfield>
    <subfield code="c">2010.</subfield>
  </datafield>
  <datafield tag="300" ind1=" " ind2=" ">
    <subfield code="a">1 recurso en l&#xED;nea (120 p&#xE1;ginas) :</subfield>
    <subfield code="b">cuadros, figuras.</subfield>
  </datafield>
  <datafield tag="336" ind1=" " ind2=" ">
    <subfield code="2">rdacontent</subfield>
    <subfield code="a">texto</subfield>
    <subfield code="b">txt</subfield>
  </datafield>
  <datafield tag="337" ind1=" " ind2=" ">
    <subfield code="2">rdamedia</subfield>
    <subfield code="a">computadora</subfield>
    <subfield code="b">c</subfield>
  </datafield>
  <datafield tag="338" ind1=" " ind2=" ">
    <subfield code="2">rdacarrier</subfield>
    <subfield code="a">recursos en l&#xED;nea</subfield>
    <subfield code="b">cr</subfield>
  </datafield>
  <datafield tag="502" ind1=" " ind2=" ">
    <subfield code="b">DIAUIA</subfield>
    <subfield code="c">Mec&#xE1;nica</subfield>
    <subfield code="c">Irrigaci&#xF3;n</subfield>
    <subfield code="d">2010.</subfield>
    <subfield code="g">DOC</subfield>
  </datafield>
  <datafield tag="520" ind1=" " ind2=" ">
    <subfield code="a">El objetivo general del presente trabajo fue realizar una comparaci&#xF3;n de metodolog&#xED;as convencionales con modelos de RNA para estimar presi&#xF3;n real de vapor de agua, radiaci&#xF3;n global diaria y evapotranspiraci&#xF3;n de referencia. Los datos usados para dicha comparaci&#xF3;n fueron de cuatro estaciones del DR075 Valle del Fuerte, estado de Sinaloa, M&#xE9;xico. Tambi&#xE9;n se llev&#xF3; a cabo una revisi&#xF3;n de literatura del uso de redes neuronales artificiales (RNA) en la estimaci&#xF3;n de variables clim&#xE1;ticas relacionadas con la agricultura. La cantidad de agua requerida para compensar la p&#xE9;rdida por evapotranspiraci&#xF3;n del cultivo se define como necesidades h&#xED;dricas del cultivo. Sobreestimar la evapotranspiraci&#xF3;n resulta en desperdicio de grandes cantidades de agua que repercuten en los rendimientos de los cultivos, por otro lado, subestimar la evapotranspiraci&#xF3;n repercute en estr&#xE9;s h&#xED;drico para las plantas. Por tanto, se necesita conocer con precisi&#xF3;n cuanto regar anticipadamente. Los agentes meteorol&#xF3;gicos que afectan a la ET 0 son las variables temperatura, radiaci&#xF3;n global, humedad relativa y velocidad del viento, donde la ET 0 se calcula a partir de estos. En el desarrollo de este trabajo de tesis se observ&#xF3; que las redes neuronales artificiales mostraron ser una excelente herramienta de estimaci&#xF3;n y/o predicci&#xF3;n de las variables: presi&#xF3;n real de vapor de agua, radiaci&#xF3;n global y evapotranspiraci&#xF3;n de referencia. Espec&#xED;ficamente la red neuronal radial basis function mostr&#xF3; sistem&#xE1;ticamente mejor desempe&#xF1;o que la feedforward backpropagation. En la revisi&#xF3;n de literatura se observ&#xF3; que se ha hecho bastante trabajo en estimaci&#xF3;n y/o predicci&#xF3;n de las variables mencionadas previamente con las RNA feedforward backpropagation y radial basis function, pero durante el desarrollo de este trabajo, se observ&#xF3; tambi&#xE9;n que existe carencia de investigaci&#xF3;n en la estimaci&#xF3;n de variables clim&#xE1;ticas con redes neuronales din&#xE1;micas, y es ah&#xED; donde se vislumbra el futuro de la investigaci&#xF3;n, y la investigaci&#xF3;n se encamina tambi&#xE9;n en la mejora de algoritmos para no desperdiciar espacio de almacenamiento en la terminal cuando se trabaja con redes neuronales artificiales.</subfield>
  </datafield>
  <datafield tag="590" ind1=" " ind2=" ">
    <subfield code="a">ALEPH</subfield>
    <subfield code="b">10</subfield>
    <subfield code="c">20130110</subfield>
  </datafield>
  <datafield tag="590" ind1=" " ind2=" ">
    <subfield code="a">BATCH-UPD</subfield>
    <subfield code="b">10</subfield>
    <subfield code="c">20130110</subfield>
  </datafield>
  <datafield tag="590" ind1=" " ind2=" ">
    <subfield code="a">BATCH-UPD</subfield>
    <subfield code="b">10</subfield>
    <subfield code="c">20130410</subfield>
  </datafield>
  <datafield tag="590" ind1=" " ind2=" ">
    <subfield code="a">BATCH-UPD</subfield>
    <subfield code="b">10</subfield>
    <subfield code="c">20130914</subfield>
  </datafield>
  <datafield tag="590" ind1=" " ind2=" ">
    <subfield code="a">BATCH-UPD</subfield>
    <subfield code="b">10</subfield>
    <subfield code="c">20140324</subfield>
  </datafield>
  <datafield tag="590" ind1=" " ind2=" ">
    <subfield code="a">BATCH-UPD</subfield>
    <subfield code="b">10</subfield>
    <subfield code="c">20141002</subfield>
  </datafield>
  <datafield tag="590" ind1=" " ind2=" ">
    <subfield code="a">BATCH</subfield>
    <subfield code="b">00</subfield>
    <subfield code="c">20181121</subfield>
  </datafield>
  <datafield tag="590" ind1=" " ind2=" ">
    <subfield code="a">CONVERSION</subfield>
    <subfield code="b">10</subfield>
    <subfield code="c">20130109</subfield>
  </datafield>
  <datafield tag="650" ind1="1" ind2="4">
    <subfield code="a">Cambios clim&#xE1;ticos.</subfield>
    <subfield code="9">17792</subfield>
  </datafield>
  <datafield tag="650" ind1="1" ind2="4">
    <subfield code="a">Cultivos</subfield>
    <subfield code="x">Rendimiento.</subfield>
    <subfield code="9">30318</subfield>
  </datafield>
  <datafield tag="650" ind1="1" ind2="4">
    <subfield code="a">Evapotranspiraci&#xF3;n.</subfield>
    <subfield code="9">38968</subfield>
  </datafield>
  <datafield tag="650" ind1="1" ind2="4">
    <subfield code="a">Redes neuronales artificiales.</subfield>
    <subfield code="9">95387</subfield>
  </datafield>
  <datafield tag="700" ind1="1" ind2=" ">
    <subfield code="a">Arteaga Ram&#xED;rez, Ram&#xF3;n</subfield>
    <subfield code="9">7725</subfield>
    <subfield code="e">Director de tesis.</subfield>
  </datafield>
  <datafield tag="856" ind1=" " ind2=" ">
    <subfield code="u">http://10.13.5.2/tesis/112131.pdf</subfield>
    <subfield code="z">DESCARGAR PDF</subfield>
  </datafield>
  <datafield tag="901" ind1=" " ind2=" ">
    <subfield code="a">BK</subfield>
  </datafield>
  <datafield tag="942" ind1=" " ind2=" ">
    <subfield code="c">TD</subfield>
    <subfield code="2">Clasificaci&#xF3;n Universidad Aut&#xF3;noma Chapingo</subfield>
  </datafield>
  <datafield tag="949" ind1=" " ind2=" ">
    <subfield code="a">Tesis</subfield>
    <subfield code="b">BC</subfield>
    <subfield code="c">TES</subfield>
    <subfield code="d">33724002229132</subfield>
    <subfield code="e">TS2</subfield>
    <subfield code="f">c.2</subfield>
    <subfield code="g">Donaci&#xD8;n</subfield>
    <subfield code="h">51931</subfield>
    <subfield code="i">112131</subfield>
    <subfield code="s">t</subfield>
  </datafield>
  <datafield tag="949" ind1=" " ind2=" ">
    <subfield code="a">Tesis</subfield>
    <subfield code="b">BC</subfield>
    <subfield code="c">TES</subfield>
    <subfield code="d">33724002229173</subfield>
    <subfield code="e">TS1</subfield>
    <subfield code="g">Donaci&#xD8;n</subfield>
    <subfield code="h">51930</subfield>
    <subfield code="i">112131</subfield>
    <subfield code="s">t</subfield>
  </datafield>
  <datafield tag="999" ind1=" " ind2=" ">
    <subfield code="c">100471</subfield>
    <subfield code="d">100471</subfield>
  </datafield>
  <datafield tag="952" ind1=" " ind2=" ">
    <subfield code="0">0</subfield>
    <subfield code="1">0</subfield>
    <subfield code="2">local</subfield>
    <subfield code="4">0</subfield>
    <subfield code="5">1</subfield>
    <subfield code="7">0</subfield>
    <subfield code="8">TesdigD</subfield>
    <subfield code="a">BD</subfield>
    <subfield code="b">BD</subfield>
    <subfield code="c">E_L</subfield>
    <subfield code="d">2019-12-31</subfield>
    <subfield code="l">0</subfield>
    <subfield code="o">Tesis digital</subfield>
    <subfield code="r">2019-12-31 00:00:00</subfield>
    <subfield code="w">2019-12-31</subfield>
    <subfield code="y">TD</subfield>
  </datafield>
</record>
